000 00516nam a22001817a 4500
005 20130813124137.0
010 _aENG-107884
020 _c150.00
_a9788184003482
035 _aEN-91417
037 _bDBAD/PUB
082 _aS
100 _aSnehanshu, Harsh
245 0 0 _aBecause shit happened /
_cby Harsh Snehanshu
260 _aNoida
_bRandom House Publishers
_c2013
270 _aWindsor IT Park, 7th Floor, Tower-B, A-1, Sec-125
_bNoida
_e201301
300 _axii,296p.
_c21cm(pbk)
942 _2ddc
_cEN
_mSNE
_hS
999 _c77303
_d77303